| 000 | 00743nam a22002537a 4500 | ||
|---|---|---|---|
| 003 | dpl | ||
| 005 | 20180811125626.0 | ||
| 008 | 180811b xxu||||| |||| 00| 0 eng d | ||
| 010 | _aA-491482 | ||
| 020 |
_c00.00 _a8171545858 |
||
| 035 | _aA-491482, A-491484 | ||
| 037 | _bCen Lib/Ret | ||
| 040 |
_aDPL _bEN _c0 |
||
| 082 |
_a181.45 _bJHA |
||
| 100 |
_aJhabwala, S.H. _934857 |
||
| 245 |
_aGita and its commentators / _cby S.H. Jhabwala |
||
| 260 |
_aBombay _c1991 _bBombay popular prakashan |
||
| 270 |
_bBombay _a35,C Pandit madan mohan Malviya nagar _e400034 |
||
| 300 |
_axv,145p. _c20cm(Hb) |
||
| 500 | _a | ||
| 650 |
_aPhilosophy _993122 |
||
| 650 |
_aBagavad Gita _993123 |
||
| 942 |
_2ddc _cEN _h181.45 _mJHA |
||
| 999 |
_c132483 _d132483 |
||